| 000 | 02357nam0a2200433 4500 | ||
|---|---|---|---|
| 001 | RU\NLR\BIBL_A\022003689 | ||
| 005 | 20260408195749.0 | ||
| 010 |
_a978-5-8209-2257-2 _9500 |
||
| 021 |
_aRU _b2023-42059 _9КН-П-4203 |
||
| 035 | _a(NLR Aleph) 022003689 | ||
| 035 | _a(RuMoRGB)011872221 | ||
| 090 |
_a12462035 _c12462035 |
||
| 100 | _a20230811d2023 k y0rusy50 ca | ||
| 101 | 0 |
_arus _alat |
|
| 102 | _aRU | ||
| 105 | _ay z 000zy | ||
| 181 | 0 |
_ai4 _baxxe |
|
| 182 | 1 | _an | |
| 200 | 1 |
_aК достоверности метафизики: критика Августином скептицизма Новой Академии _eмонография _fА. А. Тащиан _aМинистерство науки и высшего образования Российской Федерации, Кубанский государственный универститет |
|
| 203 |
_aТекст _bвизуальный _cнепосредственный |
||
| 210 |
_aКраснодар _cКубанский государственный универститет _d2023 |
||
| 215 |
_a270 с. _d21 |
||
| 300 | _aЧасть текста лат. | ||
| 320 | _aБиблиогр.: с. 242-264 (222 назв.) | ||
| 600 | 0 |
_aАвгустин Аврелий _cепископ Гиппонийский _f354 - 430 _xФилософские взгляды _92232444 _3RU\NLR\AUTH\661339890 |
|
| 601 | 0 | 2 |
_aНовая академия _yАфины, город (Греция Древняя) _92567493 _3RU\NLR\AUTH\6601730221 |
| 606 |
_aСкептицизм (филос.) _xИстория _3RU\NLR\AUTH\661406457 _92354531 |
||
| 610 | 0 | _aновая академия | |
| 610 | 0 | _aкритика скептицизма академиков | |
| 610 | 0 | _aлогико-методологическая интерпретация критики | |
| 686 | 1 | _aЮ3(0)414-335 | |
| 686 | 1 | _aЮ3(0)322-206.3 | |
| 700 | 1 |
_aТащиан _bА. А. _gАндрей Артемович |
|
| 702 | 0 |
_4280 _8rus _7ca _aАвгустин Аврелий _cепископ Гиппонийский _f354-430 _3RU\NLR\AUTH\773342 _9113342 |
|
| 856 | 4 |
_qapplication/pdf _s[274] с. _uhttp://dlib.rsl.ru/rsl01011000000/rsl01011872000/rsl01011872221/rsl01011872221.pdf _yЧитать |
|
| 942 | _cBOOK | ||
| 980 | _aNB | ||